| 000 | 01346cam a2200337 a 4500 | ||
|---|---|---|---|
| 999 |
_c529502 _d529502 |
||
| 001 | 3369854 | ||
| 003 | NUST | ||
| 005 | 20190926154831.0 | ||
| 008 | 870603s1987 dcua b 000 0 eng | ||
| 010 | _a 87050686 | ||
| 020 |
_a030904412X (pbk.) : _c$7.60 |
||
| 038 | _aMSOHAIL | ||
| 040 |
_aDLC _cDLC _dDLC |
||
| 050 | 0 | 0 |
_aTE278 _b.S36 1987 |
| 082 | 0 | 0 |
_a625.84 _219 |
| 100 | 1 |
_aSchwartz, Donald R. _921692 |
|
| 245 | 1 | 0 |
_aD-cracking of concrete pavements / _cDonald R. Schwartz ; topic panel, Bernard Brown ... [et al.]. |
| 260 |
_aWashington, D.C. : _bTransportation Research Board, National Research Council, _c[1987] |
||
| 300 |
_a34 p. : _bill. ; _c28 cm. |
||
| 490 | 1 |
_aSynthesis of highway practice / National Cooperative Highway Research Program, _x0547-5570 ; _v134 |
|
| 500 | _a"October 1987." | ||
| 500 | _a"Project 20-5 FY 1985 (Topic 17-08)"--T.p. verso | ||
| 504 | _aBibliography: p. 33-34. | ||
| 650 | 0 |
_aPavements, Reinforced concrete _xCracking. _921352 |
|
| 700 | 1 |
_aBrown, Bernard C., _d1934- _921693 |
|
| 710 | 2 |
_aNational Research Council (U.S.). _bTransportation Research Board. _919676 |
|
| 830 | 0 |
_aSynthesis of highway practice ; _v134. _921694 |
|
| 906 |
_a7 _bcbc _corignew _d2 _eocip _f19 _gy-gencatlg |
||
| 942 |
_2ddc _cBK |
||